| 000 | nam a22 4500 | ||
|---|---|---|---|
| 999 |
_c2368 _d2368 |
||
| 003 | AKMAL | ||
| 005 | 20170516112524.0 | ||
| 008 | 170516s1985 xxu 00 eng d | ||
| 020 | _a0023787708 | ||
| 040 | _aAKMAL | ||
| 082 | 0 | 4 | _a519.5 McC |
| 090 | 0 | 0 |
_a519.5 _bMcC |
| 100 | 1 |
_aMcClave, James T. _94923 |
|
| 245 | 2 | 0 |
_aStatistics for business and economics / _cJames T. McClave, P. George Benson, Terry Sincich |
| 250 | _a3th ed. | ||
| 260 |
_aSan Francisco, California : _bDellen Pub., _c1985 |
||
| 300 | 0 | 0 |
_axviii, 1029p. : _bill. ; _c24cm |
| 500 | _aIncludes index | ||
| 650 | 0 |
_aCommercial statistics _94918 |
|
| 650 | 0 |
_aEconomics _xStatistical methods _92715 |
|
| 650 | 0 |
_aStatistics _9512 |
|
| 700 | 1 |
_aBenson, P. George _94924 |
|
| 700 | 1 |
_aSincich, Terry _94925 |
|
| 942 |
_2ddc _cBOOK |
||